000 00591nam a2200157 a 4500
008 120416s0000 ||||||||||||||||| || u
020 _a0291398340
050 _aTK 7870 Sin
100 _aSinclair, Ian R
245 1 0 _aDigital techniques and microprocessor systems
246 _aservicing electronic systems volume 3
260 _aAldershot
_bAvebury Technical
_c1996
300 _avii, 349p. : ill.
350 _a0.00
995 _D0.00
_FCBU-MAIN LIBRARY (Kitwe)
_H1
_I18.95
_M1
_UAVAILABLE
_WNov 3, 2006
_ZAnnex Low-Usage Collection
999 _c40197
_d40197